00729 2200277 4500001002100000005001700021008004100038020001800079035002400097082001100121090002100132100001800153245006700171250001100238260003000249300002800279440002600307500002600333650001100359850001500370980001500385985000600400999001500406999001500421999001500436YOGYA-0209000003604220090227025058.0 ind  a979-3235-19-5 0010-020900000036042 a668.12 a668.12bPer MlT aPermono, Ajas aMembuat sampobskala rumah tangga skala menengahcAjas Permono aCet. 1 aJakartabPuspaswarac2002 avi, 58 hlmbilusc21 cm aIndustri rumah tangga aBibliografi : hlm. 56 aShampo aYOPDYOG(B) a10-23-2006 a3 a02P0002953 a02P0002954 a02P0002955